书目信息 |
| 题名: |
商品流通企业会计制度
|
|
| 作者: | ;中华人民共和国财政部制定 | |
| 分册: | ||
| 出版信息: | 北京 中国财政经济出版社 1993 |
|
| 页数: | 158页 | |
| 开本: | 19cm | |
| 丛书名: | ||
| 单 册: | ||
| 中图分类: | F715.51-62 | |
| 科图分类: | 29.4174073 | |
| 主题词: | 商业会计-会计制度--手册 , 会计制度-商业会计--手册 | |
| 电子资源: | ||
| ISBN: | 7-5005-2042-5 | |
| 000 | 00946nam2 2200253 45 | |
| 001 | 0193033836 | |
| 005 | 20070725091412.84 | |
| 010 | @a7-5005-2042-5@dCNY4.00 | |
| 100 | @a19930807d1993 em y0chiy0121 ea | |
| 101 | 0 | @achi |
| 102 | @aCN@b110000 | |
| 105 | @ay z 000yy | |
| 200 | 10 | @a商品流通企业会计制度@Ashang pin liu tong qi ye kuai ji zhi du@f中华人民共和国财政部制定@Fzhong hua ren min gong he guo cai zheng bu zhi ding |
| 210 | @a北京@c中国财政经济出版社@d1993 | |
| 215 | @a158页@d19cm | |
| 517 | 1 | @a商品流通企业会计制度@ASHANG PIN LIU TONG QI YE KUAI JI ZHI DU |
| 540 | 1 | @a商品 流通 会计 制度@ASHANG PIN LIU TONG KUAI JI ZHI DU |
| 606 | @a商业会计-会计制度@x手册 | |
| 606 | @a会计制度-商业会计@x手册 | |
| 690 | @aF715.51-62@v三版 | |
| 692 | @a29.4174073 | |
| 711 | 02 | @a中华人民共和国财政部制定@Azhong hua ren min gong he guo cai zheng bu zhi ding |
| 801 | 0 | @aCN@bTSSF@c20070725 |
| 905 | @a10447@dF715.51-62@e374 | |
| 商品流通企业会计制度/中华人民共和国财政部制定.-北京:中国财政经济出版社,1993 |
| 158页;19cm |
| ISBN 7-5005-2042-5:CNY4.00 |
| ● |
| 相关链接 |
|
|
|
|
正题名:商品流通企业会计制度
索取号:F715.51-62/374
 
预约/预借
| 序号 | 登录号 | 条形码 | 馆藏地/架位号 | 状态 | 备注 |
| 1 | 0769037 | 207690373 | 第一样本阅览室/ [索取号:F715.51-62/374] | 在馆 |